Web Browser Logos - Statistics

General Stats
  • This quiz has been taken 60 times
  • The average score is 7 of 10
Answer Stats
Picture Answer % Correct
Chrome
100%
Safari
98%
Firefox
94%
Android
93%
Internet Explorer
93%
Microsoft Edge
85%
Opera
83%
Brave
56%
Arc
20%
Avast
20%
No matching quizzes found
Score Distribution
Percent of People with Each Score
Percentile by Number Answered
Your Score History
You have not taken this quiz